Interpretation of aerial photographs / (Record no. 33950)

MARC details
000 -LEADER
fixed length control field 00827cam a2200265 i 4500
001 - CONTROL NUMBER
control field 4124265
003 - CONTROL NUMBER IDENTIFIER
control field OSt
005 - DATE AND TIME OF LATEST TRANSACTION
control field 20220330135920.0
008 - FIXED-LENGTH DATA ELEMENTS--GENERAL INFORMATION
fixed length control field 770303s1977 mnuaf b 001 0 eng
010 ## - LIBRARY OF CONGRESS CONTROL NUMBER
LC control number 76009253
020 ## - INTERNATIONAL STANDARD BOOK NUMBER
International Standard Book Number 0808701304
040 ## - CATALOGING SOURCE
Original cataloging agency DLC
Transcribing agency HU
Modifying agency DLC
050 00 - LIBRARY OF CONGRESS CALL NUMBER
Classification number TR810
Item number .A9 1977
082 00 - DEWEY DECIMAL CLASSIFICATION NUMBER
Classification number 778.3/5
100 1# - MAIN ENTRY--PERSONAL NAME
Personal name Avery, Thomas Eugene.
9 (RLIN) 9610
245 10 - TITLE STATEMENT
Title Interpretation of aerial photographs /
Statement of responsibility, etc. Thomas Eugene Avery.
250 ## - EDITION STATEMENT
Edition statement 3d ed.
260 ## - PUBLICATION, DISTRIBUTION, ETC.
Place of publication, distribution, etc. Minneapolis :
Name of publisher, distributor, etc. Burgess Pub. Co.,
Date of publication, distribution, etc. c1977.
300 ## - PHYSICAL DESCRIPTION
Extent xi, 392 p., [6] leaves of plates :
Other physical details ill. (some col.) ;
Dimensions 27 cm.
504 ## - BIBLIOGRAPHY, ETC. NOTE
Bibliography, etc. note Includes bibliographies and index.
650 #0 - SUBJECT ADDED ENTRY--TOPICAL TERM
Topical term or geographic name entry element Photographic interpretation.
9 (RLIN) 34446
650 #0 - SUBJECT ADDED ENTRY--TOPICAL TERM
Topical term or geographic name entry element Aerial photography.
9 (RLIN) 34447
906 ## - LOCAL DATA ELEMENT F, LDF (RLIN)
a 7
b cbc
c orignew
d 2
e ocip
f 19
g y-gencatlg
942 ## - ADDED ENTRY ELEMENTS (KOHA)
Source of classification or shelving scheme Dewey Decimal Classification
Koha item type Books like text book referance book
Suppress in OPAC No
Holdings
Withdrawn status Lost status Source of classification or shelving scheme Damaged status Not for loan Collection code Home library Current library Shelving location Date acquired Total Checkouts Full call number Barcode Date last seen Copy number Price effective from Koha item type
    Dewey Decimal Classification     Reference Wondo Genet Library Wondo Genet Library General Stacks 03/30/2022   778.3/5 AVE 1977 WGCFNRL00015307 03/30/2022 1 03/30/2022 Books like text book referance book